|
|
|
|
| LEADER |
01647nam a2200277 a 4500 |
| 001 |
GR-Patra10606 |
| 003 |
GR-PaULI |
| 005 |
20250326124945.0 |
| 008 |
991022s1994 gr g 000 0 gre d |
| 020 |
|
|
|a 9602132965
|
| 040 |
|
|
|a GrPaTEI
|b gre
|c GR-PaULI
|e AACR2
|
| 082 |
|
0 |
|a 751.730 949 5
|2 23
|
| 082 |
|
0 |
|a 709.495
|
| 100 |
1 |
|
|a Αχειμάστου-Ποταμιάνου, Μυρτάλη
|e συγγραφέας.
|9 61452
|
| 245 |
1 |
0 |
|a Βυζαντινές τοιχογραφίες /
|c Μυρτάλη Αχειμάστου-Ποταμιάνου.
|
| 260 |
|
|
|a Αθήνα :
|b Εκδοτική Αθηνών,
|c c1994.
|
| 300 |
|
|
|a 272 σ. :
|b εικ. ;
|c 30 εκ.
|
| 490 |
1 |
|
|a Ελληνική τέχνη / Εκδοτική Αθηνών
|
| 504 |
|
|
|a Περιλαμβάνει βιβλιογραφία και ευρετήριο.
|
| 650 |
|
4 |
|a Τοιχογραφία και διακόσμηση, Βυζαντινή
|9 27906
|
| 830 |
|
0 |
|9 165496
|a Ελληνική τέχνη (Εκδοτική Αθηνών)
|
| 942 |
|
|
|2 ddc
|c BK
|
| 952 |
|
|
|0 0
|1 0
|2 ddc
|4 0
|6 709_495000000000000_ΑΧΕ
|7 1
|9 291159
|a LISK
|b LISK
|c BSC
|d 2021-01-17
|e 24
|f 0
|g 0.00
|l 0
|o 709.495 ΑΧΕ
|p 92410013522
|r 2021-01-17 00:00:00
|t 1
|w 2021-01-17
|y BKN
|x 19991024 0 0
|x GrPaTEI
|
| 952 |
|
|
|0 0
|1 0
|2 ddc
|4 0
|6 709_495000000000000_ΑΧΕ
|7 1
|9 291160
|a LISK
|b LISK
|c BSC
|d 2021-01-17
|e 24
|f 0
|g 0.00
|l 0
|o 709.495 ΑΧΕ
|p 92410021156
|r 2021-01-17 00:00:00
|t 1
|w 2021-01-17
|y BKN
|x 20031017 0 0
|x GrPaTEI
|
| 952 |
|
|
|0 0
|1 0
|2 ddc
|4 0
|6 751_730000000000000_949_5_ΑΧΕ
|7 0
|9 379763
|a LISP
|b LISP
|c DON
|d 2024-04-25
|e ΜΑΡ
|i 365209
|l 0
|o 751.730 949 5 ΑΧΕ
|p 025000309274
|r 2024-04-25 00:00:00
|t 3
|w 2024-04-25
|y BKN
|
| 999 |
|
|
|c 170038
|d 170038
|